000 01209nam a22002657a 4500
003 OSt
005 20260211083448.0
008 240820b ||||| |||| 00| 0 eng d
040 _c0
082 _aDPer 361.05 J826 January-April 2020 v. 67 n. 1-3
100 _aOlofsson, Malin E.
_eauthor.
_958504
245 _aChange processes related to long-term outcomes in eating disorders with childhood trauma :
_ban explorative qualitative study /
_cMalin E. Olofsson, Hanne W. Oddli, Asle Hoffart, Hanna P. Eielsen, and KariAnne R. Vrabel.
260 _aWashington ;
_bAmerican Psychological Association ,
_cJanuary 2020.
300 _aVolume 67, pages 51-65 :
_billustration ;
_c28 cm.
500 _aJournal of Counseling Psychology, vol. 67, no.1, pages 51-65, January 2020.
650 0 _aPsychotherapy methods trends.
_965323
650 0 _aTreatment outcome.
_965324
650 0 _aAdult survivors of child adverse events psychology.
_965329
700 _aOlofsson, Malin E.
_eauthor.
_958504
700 _aOddli, Hanne W.
_eauthor.
_958505
700 _aHoffart, Asle.
_eauthor.
_958506
700 _aEielsen, Hanna P.
_eauthor.
_958507
700 _aVrabel, KariAnne R.
_eauthor.
_958508
942 _2ddc
_cPER
999 _c20712
_d20712